<?xml version="1.0" encoding="UTF-8"?>
<record
    xmlns:xsi="http://www.w3.org/2001/XMLSchema-instance"
    xsi:schemaLocation="http://www.loc.gov/MARC21/slim http://www.loc.gov/standards/marcxml/schema/MARC21slim.xsd"
    xmlns="http://www.loc.gov/MARC21/slim">

  <leader>00477nam a22001812  4500</leader>
  <controlfield tag="001">0000006135</controlfield>
  <controlfield tag="005">20151217155830.0</controlfield>
  <controlfield tag="008">070920s         xx           000 0 eng d</controlfield>
  <datafield tag="020" ind1=" " ind2=" ">
    <subfield code="a">0195729544 :</subfield>
    <subfield code="c">KES 260</subfield>
  </datafield>
  <datafield tag="040" ind1=" " ind2=" ">
    <subfield code="a">KABU</subfield>
    <subfield code="c">KABU</subfield>
  </datafield>
  <datafield tag="100" ind1="1" ind2=" ">
    <subfield code="a">Ruganda, John.</subfield>
    <subfield code="@">0000152258</subfield>
  </datafield>
  <datafield tag="245" ind1="1" ind2="0">
    <subfield code="a">Shreds of tenderness.</subfield>
  </datafield>
  <datafield tag="260" ind1=" " ind2=" ">
    <subfield code="a">Oxford :</subfield>
    <subfield code="b">OUP,</subfield>
    <subfield code="c">2001.</subfield>
  </datafield>
  <datafield tag="300" ind1=" " ind2=" ">
    <subfield code="a">134 p.</subfield>
  </datafield>
  <datafield tag="908" ind1=" " ind2=" ">
    <subfield code="a">070920</subfield>
  </datafield>
  <datafield tag="950" ind1=" " ind2=" ">
    <subfield code="@">1</subfield>
  </datafield>
  <datafield tag="999" ind1=" " ind2=" ">
    <subfield code="c">13024</subfield>
    <subfield code="d">13024</subfield>
  </datafield>
  <datafield tag="952" ind1=" " ind2=" ">
    <subfield code="0">0</subfield>
    <subfield code="1">0</subfield>
    <subfield code="2">lcc</subfield>
    <subfield code="7">0</subfield>
    <subfield code="a">KABU</subfield>
    <subfield code="b">KABU</subfield>
    <subfield code="d">2015-12-17</subfield>
    <subfield code="l">0</subfield>
    <subfield code="o">PR9402.9 .R84S57 c. 1</subfield>
    <subfield code="p">004974</subfield>
    <subfield code="r">2015-12-17 00:00:00</subfield>
    <subfield code="t">c. 1</subfield>
    <subfield code="w">2015-12-17</subfield>
    <subfield code="y">AFRI</subfield>
  </datafield>
  <datafield tag="952" ind1=" " ind2=" ">
    <subfield code="0">0</subfield>
    <subfield code="1">0</subfield>
    <subfield code="2">lcc</subfield>
    <subfield code="7">0</subfield>
    <subfield code="a">KABU</subfield>
    <subfield code="b">KABU</subfield>
    <subfield code="c">STAFF</subfield>
    <subfield code="d">2017-10-03</subfield>
    <subfield code="g">550.00</subfield>
    <subfield code="i">2017/0283</subfield>
    <subfield code="l">12</subfield>
    <subfield code="o">PR9402.9 .R84S57 c.2</subfield>
    <subfield code="p">027742</subfield>
    <subfield code="r">2019-07-17 00:00:00</subfield>
    <subfield code="s">2019-07-09</subfield>
    <subfield code="t">c.2</subfield>
    <subfield code="w">2017-10-03</subfield>
    <subfield code="y">ILL</subfield>
  </datafield>
  <datafield tag="952" ind1=" " ind2=" ">
    <subfield code="0">0</subfield>
    <subfield code="1">0</subfield>
    <subfield code="2">lcc</subfield>
    <subfield code="7">0</subfield>
    <subfield code="a">KABU</subfield>
    <subfield code="b">KABU</subfield>
    <subfield code="c">STAFF</subfield>
    <subfield code="d">2018-09-14</subfield>
    <subfield code="g">550.00</subfield>
    <subfield code="l">0</subfield>
    <subfield code="o">PR9402.9 .R84S57 c. 3</subfield>
    <subfield code="p">022092</subfield>
    <subfield code="r">2018-09-14 00:00:00</subfield>
    <subfield code="t">c. 3</subfield>
    <subfield code="w">2018-09-14</subfield>
    <subfield code="y">BK</subfield>
  </datafield>
</record>
